=LDR 00000nam 2200000 4500 =001 INLIS000000000046063 =005 20150213154126.0 =006 =007 =008 =020 ##$$a 979-22-0317-6 =035 ##$$0010-021500000000624 =040 ##$$a Ind =082 ##$$a fromd les =090 ##$$a from d les a =100 ##$$a Lestari =245 ##$$a Ayahku seorang Psikopat =260 ##$$a Jakarta$gramedia$c2003 =300 ##$$a 544hlm$c18cm =850 ##$$a NBPDMAT =990 ##$$a 0001/BPAP-NTB/20142015